[Event "Titled Tue 27th May Early"]
[Site "chess.com INT"]
[Date "2025.05.27"]
[Round "8"]
[White "Zobel, Christian"]
[Black "Smirnova, Ekaterina"]
[Result "1-0"]
[WhiteTitle "CM"]
[BlackTitle "WIM"]
[WhiteElo "2157"]
[BlackElo "2096"]
[WhiteFideId "16259068"]
[BlackFideId "4110943"]
[EventDate "2025.05.27"]

1. d4 d5 2. c4 c6 3. Nc3 Nf6 4. Nf3 dxc4 5. a4 Bf5 6. e3 e6 7. Bxc4 Bb4 8. O-O
O-O 9. h3 Nbd7 10. Nh4 Bg6 11. Nxg6 hxg6 12. Qb3 a5 13. Na2 Qe7 14. Nxb4 axb4
15. Bd2 c5 16. dxc5 Nxc5 17. Qxb4 Nfe4 18. Be1 Rfc8 19. f3 Nd6 20. Be2 Qg5 21.
Bf2 Nf5 22. h4 Qh6 23. Rfc1 b6 24. Qxb6 Rab8 25. Qa7 Rxb2 26. Rxc5 Rxc5 27. Qxc5
Rxe2 28. a5 Nxh4 29. a6 Nxg2 30. Kxg2 Rxf2+ 31. Kxf2 Qh2+ 32. Ke1 Qg1+ 33. Ke2
Qxa1 34. a7 Kh7 35. Qb6 Qa2+ 36. Kf1 Qc4+ 37. Kf2 Qh4+ 38. Ke2 Qc4+ 39. Kf2 Qh4+
40. Kg2 Qa4 41. Qb7 Qc2+ 42. Kg3 Qd1 43. a8=Q Qd6+ 44. f4 Qd1 45. Qh1+ 1-0

[Event "Titled Tue 27th May Early"]
[Site "chess.com INT"]
[Date "2025.05.27"]
[Round "8"]
[White "Carrasco Miranda, Andres"]
[Black "Jiganchine, Roman"]
[Result "1-0"]
[WhiteTitle "CM"]
[BlackTitle "CM"]
[WhiteElo "2211"]
[BlackElo "2205"]
[WhiteFideId "3405990"]
[BlackFideId "2603667"]
[EventDate "2025.05.27"]

1. Nf3 d5 2. g3 Nf6 3. Bg2 c6 4. O-O Bf5 5. c4 e6 6. Qb3 Qb6 7. d3 Nbd7 8. Be3
Bc5 9. Bxc5 Nxc5 10. Qa3 O-O 11. Nc3 a5 12. Nh4 Bg4 13. h3 Bh5 14. g4 Bg6 15.
Nxg6 hxg6 16. Rab1 Qb4 17. d4 Ncd7 18. cxd5 exd5 19. e3 Rfe8 20. Ne2 Ne4 21.
Rfd1 Ndf6 22. Nf4 Nd6 23. Nd3 Qxa3 24. bxa3 Nfe4 25. Rdc1 Re7 26. Bxe4 Nxe4 27.
Nc5 Nxc5 28. Rxc5 Kf8 29. Kf1 Ke8 30. Ke2 Rd7 31. Kd3 Ke7 32. a4 Kd6 33. Rcc1 f6
34. Rh1 Rh8 35. h4 Kc7 36. f3 Rdd8 37. e4 dxe4+ 38. fxe4 Rhe8 39. h5 g5 40. h6
gxh6 41. Rxh6 Re6 42. Rf1 Red6 43. Rhxf6 Rxd4+ 44. Ke3 Rxa4 45. Rf7+ Kb6 46.
Rb1+ Kc5 47. Rc1+ Kb6 48. Rc2 Ra3+ 49. Ke2 Re8 50. Rb2+ Kc5 51. Rf5+ Kd4 52.
Rd2+ Kc4 53. e5 Rg3 54. Rxg5 Rg2+ 55. Kd1 Rg1+ 56. Kc2 Rg3 57. Rf2 Re3 58. Rf4+
Kc5 59. e6+ Kb6 60. Rf7 R3xe6 61. Rgg7 1-0

[Event "Titled Tue 27th May Early"]
[Site "chess.com INT"]
[Date "2025.05.27"]
[Round "8"]
[White "Duarte Cramer, Lily Jeanette"]
[Black "Khandhadia, Nivaan Rathin"]
[Result "1-0"]
[WhiteTitle "WCM"]
[BlackTitle "CM"]
[WhiteElo "1828"]
[BlackElo "2112"]
[WhiteFideId "29620180"]
[BlackFideId "25753274"]
[EventDate "2025.05.27"]

1. d4 d5 2. c4 e6 3. Nc3 Nf6 4. cxd5 exd5 5. Bg5 Bb4 6. e3 h6 7. Bh4 g5 8. Bg3
Ne4 9. Qc2 h5 10. f3 h4 11. Bf2 Nxf2 12. Kxf2 Nc6 13. a3 Bxc3 14. bxc3 Be6 15.
Bb5 Qd6 16. Bxc6+ Qxc6 17. Ne2 O-O-O 18. Rhb1 f5 19. Rb4 Rdf8 20. Qa4 Qxa4 21.
Rxa4 a6 22. Rb1 g4 23. f4 Rfg8 24. Kf1 Bd7 25. Rab4 Bb5 26. Rxb5 axb5 27. Rxb5
c6 28. Rb4 Kc7 29. Nc1 Ra8 30. a4 g3 31. h3 Ra7 32. Nd3 b6 33. Ne5 Rha8 34. Ng6
Rxa4 35. Nxh4 Ra1+ 36. Ke2 R1a3 37. Nxf5 Rxc3 38. Nxg3 Rg8 39. Kf3 Re8 40. Nf5
Rf8 41. g4 c5 42. dxc5 bxc5 43. Ra4 d4 44. Ke2 dxe3 45. Ne7 Rd8 46. Ra2 c4 47.
f5 Rcd3 48. Ra4 c3 49. Rc4+ Kb6 50. Nc8+ 1-0

[Event "Titled Tue 27th May Early"]
[Site "chess.com INT"]
[Date "2025.05.27"]
[Round "8"]
[White "Mizzi, Jack"]
[Black "Papasimakopoulos, Alexandros"]
[Result "0-1"]
[WhiteTitle "CM"]
[BlackTitle "IM"]
[WhiteElo "2086"]
[BlackElo "2366"]
[WhiteFideId "5602521"]
[BlackFideId "4244125"]
[EventDate "2025.05.27"]

1. d4 Nf6 2. c4 e6 3. Nf3 b6 4. g3 Ba6 5. b3 Bb4+ 6. Bd2 Be7 7. Bg2 d5 8. cxd5
exd5 9. O-O O-O 10. Nc3 c5 11. Rc1 Nbd7 12. Bf4 Rc8 13. Ne5 cxd4 14. Qxd4 Bb7
15. Rfd1 Re8 16. Nxd7 Qxd7 17. Nxd5 Bxd5 18. Rxc8 Qxc8 19. Bxd5 Bc5 20. Qc4 Nxd5
21. Rxd5 Qc6 22. Rd6 Qc8 23. Rd1 h6 24. Qb5 g5 25. Bc1 a6 26. Qd3 Qe6 27. Re1 a5
28. Bb2 Qg6 29. Qxg6+ fxg6 30. Kf1 g4 31. e3 Rf8 32. Ke2 Rc8 33. Rc1 Kf7 34. Bd4
Ke6 35. Kd3 Kd5 36. e4+ Kd6 37. Bxc5+ bxc5 38. Kc4 Rb8 39. Re1 Rb4+ 40. Kc3 Ke5
41. Kd3 a4 42. bxa4 Rxa4 43. Kc3 Rxa2 0-1

[Event "Titled Tue 27th May Early"]
[Site "chess.com INT"]
[Date "2025.05.27"]
[Round "8"]
[White "Tekeyev, Zaur"]
[Black "Teterev, Vitaly"]
[Result "1-0"]
[WhiteTitle "IM"]
[BlackTitle "GM"]
[WhiteElo "2417"]
[BlackElo "2258"]
[WhiteFideId "4199731"]
[BlackFideId "13501429"]
[EventDate "2025.05.27"]

1. e4 c5 2. Nf3 e6 3. d4 cxd4 4. Nxd4 a6 5. Bd3 Nf6 6. O-O d6 7. Qe2 Nc6 8. Nxc6
bxc6 9. c4 Be7 10. Nc3 O-O 11. b3 Nd7 12. Bb2 Bf6 13. Rad1 Qc7 14. f4 Bb7 15. e5
dxe5 16. Ne4 Be7 17. Qh5 f5 18. Ng5 Bxg5 19. Qxg5 Rf7 20. c5 exf4 21. Bc4 Re8
22. b4 Ne5 23. Bb3 Ng6 24. Rd6 Bc8 25. h4 Qe7 26. Qxe7 Nxe7 27. Bxe6 Bxe6 28.
Rxe6 Rd8 29. Rxf4 Rd2 30. Rf2 Rd1+ 31. Kh2 Kf8 32. Rfe2 g6 33. Be5 Nd5 34. Rxc6
Nxb4 35. Rc8+ Ke7 36. Rc7+ Kf8 37. Rc8+ Ke7 38. c6 Nd5 39. Ra8 1-0

[Event "Titled Tue 27th May Early"]
[Site "chess.com INT"]
[Date "2025.05.27"]
[Round "8"]
[White "Buscar, Michael"]
[Black "Jval Saurin Patel"]
[Result "0-1"]
[BlackTitle "FM"]
[WhiteElo "2016"]
[BlackElo "2334"]
[WhiteFideId "2603616"]
[BlackFideId "25968343"]
[EventDate "2025.05.27"]

1. d4 Nf6 2. c4 c5 3. e3 cxd4 4. exd4 d5 5. Nf3 Nc6 6. Nc3 e6 7. Be2 dxc4 8.
Bxc4 Bb4 9. O-O O-O 10. a3 Be7 11. Bd3 b6 12. Bc2 Bb7 13. Qd3 Rc8 14. Ne4 Nxe4
15. Qxe4 g6 16. Bh6 Na5 17. Qe2 Bxf3 18. gxf3 Qxd4 19. Bxf8 Bxf8 20. Be4 Qe5 21.
Rfe1 Bd6 22. f4 Qxf4 23. h3 Rc5 24. Bg2 Rg5 25. Qe4 Qh2+ 26. Kf1 Nb3 27. Rad1
Nc5 28. Qf3 Rf5 29. Qa8+ Kg7 30. Qxa7 Bg3 31. Rd2 Bxf2 32. Rxf2 Rxf2+ 33. Kxf2
Nd3+ 34. Kf1 Nxe1 35. Kxe1 Qxg2 36. Qxb6 Qh1+ 37. Kd2 Qh2+ 38. Kc1 e5 39. Qe3
Qh1+ 40. Kc2 Qc6+ 41. Kb1 Qd5 42. a4 f5 43. b4 f4 44. Qc3 f3 45. Qe3 Qd1+ 46.
Kb2 Qe2+ 47. Qxe2 fxe2 0-1

[Event "Titled Tue 27th May Early"]
[Site "chess.com INT"]
[Date "2025.05.27"]
[Round "8"]
[White "Danzer, George"]
[Black "Diaz Vasquez, Martin"]
[Result "0-1"]
[WhiteTitle "CM"]
[BlackTitle "CM"]
[WhiteElo "2172"]
[BlackElo "2266"]
[WhiteFideId "4659465"]
[BlackFideId "3410579"]
[EventDate "2025.05.27"]

1. e4 d5 2. exd5 Qxd5 3. Nc3 Qd6 4. d4 Nf6 5. g3 Bg4 6. f3 Bf5 7. Bf4 Qb6 8.
Nge2 e6 9. Na4 Qa5+ 10. c3 c6 11. b4 Qd8 12. Bg2 Nd5 13. Bd2 Nd7 14. O-O b5 15.
Nc5 Bxc5 16. dxc5 Ne5 17. Nd4 Bg6 18. f4 Nc4 19. Nxc6 Qd7 20. Ne5 Nxe5 21. fxe5
O-O 22. Qf3 Rad8 23. Rad1 Qc7 24. Bc1 Qxe5 25. Bf4 Qxc3 26. Rxd5 Qxf3 27. Bxf3
exd5 28. c6 Be4 29. c7 Rc8 30. Bxe4 dxe4 31. Re1 Rfe8 32. Kf2 f6 33. Ke3 Re6 34.
g4 Rc6 35. Kd4 Rc4+ 36. Kd5 e3 37. Bg3 R8xc7 38. Bxc7 Rxc7 39. Rxe3 Rc4 40. Re7
Rxg4 41. Rxa7 Rxb4 42. Ke6 h5 0-1

[Event "Titled Tue 27th May Early"]
[Site "chess.com INT"]
[Date "2025.05.27"]
[Round "8"]
[White "Atis, Hasan"]
[Black "Weetik, Vjacheslav"]
[Result "0-1"]
[WhiteTitle "CM"]
[BlackTitle "FM"]
[WhiteElo "2089"]
[BlackElo "2423"]
[WhiteFideId "44598017"]
[BlackFideId "4153472"]
[EventDate "2025.05.27"]

1. e4 c6 2. e5 d5 3. exd6 exd6 4. d4 d5 5. Bd3 Bd6 6. c3 Qf6 7. h4 h6 8. Be3 Ne7
9. Nd2 Bf5 10. Bxf5 Nxf5 11. Qf3 Nd7 12. O-O-O O-O-O 13. Bf4 Nxd4 14. cxd4 Bxf4
15. g3 Bc7 16. Qxf6 Nxf6 17. Ngf3 Ng4 18. Rhf1 Rhe8 19. Rde1 Rxe1+ 20. Nxe1 Re8
21. Kd1 h5 22. Nd3 Bb6 23. Nb3 g6 24. Re1 Re4 25. Kd2 Bxd4 26. Rxe4 dxe4 27.
Nxd4 exd3 28. f3 Ne5 29. b3 c5 30. f4 Ng4 31. Nb5 Nf2 32. Nd6+ Kd7 33. Nxf7 Ke6
34. Nd8+ Kd5 35. Ke3 d2 36. Kxd2 Ne4+ 37. Kd3 Nxg3 38. Nxb7 Nf5 39. Na5 Nxh4 40.
Nc4 Ng2 41. Ke2 Nxf4+ 42. Kf3 g5 43. Ne3+ Ke5 44. Nc4+ Kf6 45. Nd6 Nd3 46. Ke3
Nc1 47. Ne4+ Kf5 48. Nxc5 Nxa2 49. Nd3 h4 50. Kf3 g4+ 51. Ke3 h3 0-1

[Event "Titled Tue 27th May Early"]
[Site "chess.com INT"]
[Date "2025.05.27"]
[Round "8"]
[White "Cahaya, Satria Duta"]
[Black "Centron Antuna, Daniel"]
[Result "1-0"]
[WhiteTitle "FM"]
[BlackTitle "FM"]
[WhiteElo "2416"]
[BlackElo "2290"]
[WhiteFideId "7124252"]
[BlackFideId "22288694"]
[EventDate "2025.05.27"]

1. e4 d6 2. d4 Nf6 3. Nc3 g6 4. Be3 c6 5. f3 Bg7 6. Qd2 O-O 7. O-O-O b5 8. Bh6
b4 9. Nce2 Qa5 10. Kb1 Be6 11. Nc1 Nbd7 12. h4 Nb6 13. h5 Na4 14. Nb3 Bxb3 15.
cxb3 Nc3+ 16. bxc3 bxc3 17. Qc1 Bxh6 18. Qxh6 c2+ 19. Kxc2 Qxa2+ 20. Kd3 Rab8
21. Ke3 Rxb3+ 22. Bd3 Qxg2 23. Ne2 d5 24. Rhg1 Ng4+ 25. fxg4 Qxe4+ 26. Kf2 Rxd3
27. Rxd3 Qxd3 28. Rg3 Qe4 29. Rf3 Qxg4 30. hxg6 hxg6 31. Rh3 Qf5+ 32. Ke3 Qe6+
33. Kd2 Qxh3 34. Qxh3 Rb8 35. Qa3 Rb7 36. Qa6 Rc7 37. Qa5 Rd7 38. Nf4 Kg7 39.
Ke3 Kf6 40. Qc5 Rd6 41. Qxa7 g5 42. Nd3 Re6+ 43. Kf3 Kg7 44. Qb8 f5 45. Ne5 Kf6
46. Qf8# 1-0

[Event "Titled Tue 27th May Early"]
[Site "chess.com INT"]
[Date "2025.05.27"]
[Round "8"]
[White "Kushko, Dmitriy"]
[Black "Terry, Renato"]
[Result "0-1"]
[WhiteTitle "IM"]
[BlackTitle "IM"]
[WhiteElo "2454"]
[BlackElo "2508"]
[WhiteFideId "14162261"]
[BlackFideId "3803457"]
[EventDate "2025.05.27"]

1. g3 d5 2. Bg2 Nf6 3. d3 c6 4. Nf3 Bg4 5. h3 Bh5 6. O-O Nbd7 7. Qe1 e5 8. e4
dxe4 9. dxe4 Qc7 10. Nbd2 Be7 11. Nc4 O-O 12. Ne3 Rfe8 13. Nf5 Bf8 14. Nh2 Nc5
15. g4 Bg6 16. Bg5 Nfd7 17. Be3 Ne6 18. Qc3 Nf4 19. Bxf4 exf4 20. Rfd1 Rad8 21.
h4 h5 22. gxh5 Bxh5 23. Bf3 Bg6 24. h5 Bxf5 25. exf5 Ne5 26. f6 gxf6 27. Kh1 Kh8
28. Ng4 Qe7 29. Rxd8 Rxd8 30. Re1 Re8 31. Re4 Bg7 32. h6 Bf8 33. Rxf4 Nxg4 34.
Bxg4 Bxh6 35. Qxf6+ Qxf6 36. Rxf6 Kg7 37. Rd6 Re1+ 38. Kg2 Rb1 39. b3 Rb2 40.
Bf5 Rxa2 41. Rd7 b6 42. Rc7 c5 43. Be4 Bf4 44. Rb7 Kf6 45. Kf3 Be5 46. c4 Bd4
47. Bd5 Rxf2+ 48. Ke4 Kg6 49. Rxa7 f5+ 50. Kd3 Rb2 51. Ra8 Rxb3+ 52. Kd2 Bg7 53.
Rc8 Rb2+ 54. Kd3 Rb3+ 55. Kd2 f4 56. Rc6+ Kg5 57. Rc7 Be5 58. Rf7 Bf6 59. Rf8 f3
60. Ke1 Bc3+ 61. Kf2 Bd4+ 62. Kg3 f2+ 63. Kg2 Rb1 0-1

[Event "Titled Tue 27th May Early"]
[Site "chess.com INT"]
[Date "2025.05.27"]
[Round "8"]
[White "Shymanskyi, Oleksandr"]
[Black "Sydoryka, Vladyslav"]
[Result "0-1"]
[WhiteTitle "FM"]
[BlackTitle "FM"]
[WhiteElo "2218"]
[BlackElo "2224"]
[WhiteFideId "14168880"]
[BlackFideId "14145928"]
[EventDate "2025.05.27"]

1. e4 c6 2. Nf3 d5 3. Nc3 dxe4 4. Nxe4 Nf6 5. Qe2 Nxe4 6. Qxe4 Nd7 7. Bc4 Nf6 8.
Ne5 e6 9. Qe2 b5 10. Bd3 Qc7 11. b3 Bd6 12. Bb2 Nd5 13. g3 Nb4 14. O-O Nxd3 15.
Nxd3 O-O 16. b4 c5 17. bxc5 Bxc5 18. Qg4 f6 19. a4 e5 20. Qe2 b4 21. Qe4 Be6 22.
Nxb4 Bxb4 23. Qxb4 Rab8 24. Qc3 Qb7 25. Ba3 Rfc8 26. Qe3 Bh3 27. f3 Bxf1 28.
Rxf1 Rxc2 29. Qd3 Ra2 30. Rc1 h6 31. Bd6 Qb6+ 32. Kh1 Rd8 33. Qc4+ Kh7 34. Bc7
Qb7 35. Qxa2 Qxf3+ 36. Kg1 Rd7 37. Qc2+ e4 38. Rf1 Qg4 39. Rf4 Qe2 40. Rxe4 Qa6 0-1

[Event "Titled Tue 27th May Early"]
[Site "chess.com INT"]
[Date "2025.05.27"]
[Round "8"]
[White "Gasparyan, Erik R."]
[Black "Iskusnyh, Sergei"]
[Result "1-0"]
[WhiteTitle "IM"]
[BlackTitle "GM"]
[WhiteElo "2372"]
[BlackElo "2440"]
[WhiteFideId "13315730"]
[BlackFideId "4120027"]
[EventDate "2025.05.27"]

1. Nf3 d5 2. b3 Bf5 3. Bb2 e6 4. e3 Nf6 5. Nh4 Bg6 6. Nxg6 hxg6 7. g3 Bd6 8. Bg2
c6 9. Qe2 Nbd7 10. d3 Qe7 11. a3 Be5 12. Bxe5 Nxe5 13. Nd2 a5 14. d4 Ned7 15. c4
O-O 16. O-O a4 17. b4 Nb6 18. c5 Nbd7 19. f4 Ne8 20. Nb1 b5 21. cxb6 Nxb6 22.
Rc1 Qd7 23. Nd2 Nd6 24. Rc2 Rfc8 25. Bf1 Nbc4 26. Nxc4 Nxc4 27. Qf2 Nd6 28. Rac1
Qb7 29. Bd3 Rc7 30. Rc5 Rac8 31. Qc2 Qb6 32. b5 Nc4 33. Bxc4 cxb5 34. Bxd5 Rxc5
35. dxc5 Qa5 36. Bb7 Rc7 37. c6 b4 38. Qc5 Qxc5 39. Rxc5 b3 40. Rc4 Kf8 41. Rxa4
Ke7 42. Rb4 Kd6 43. Rxb3 Kc5 44. Rd3 1-0

[Event "Titled Tue 27th May Early"]
[Site "chess.com INT"]
[Date "2025.05.27"]
[Round "8"]
[White "Andreikin, Dmitry"]
[Black "Jumabayev, Rinat"]
[Result "0-1"]
[WhiteTitle "GM"]
[BlackTitle "GM"]
[WhiteElo "2695"]
[BlackElo "2551"]
[WhiteFideId "4158814"]
[BlackFideId "13702661"]
[EventDate "2025.05.27"]

1. d4 d5 2. c4 dxc4 3. e3 Nf6 4. Bxc4 e6 5. Nf3 Be7 6. O-O O-O 7. Nc3 a6 8. e4
b5 9. Bd3 c5 10. dxc5 Nfd7 11. b4 a5 12. e5 axb4 13. Ne4 Nxc5 14. Nxc5 Bxc5 15.
Bxh7+ Kxh7 16. Ng5+ Kg8 17. Qc2 g6 18. Qxc5 Nd7 19. Qd4 Kg7 20. Be3 Ra4 21. Qf4
Qe7 22. Ne4 Rh8 23. Rad1 Rh4 24. Qf3 Nxe5 25. Bd4 f6 26. Bxe5 fxe5 27. Nd6 Bd7
28. Qb7 Rd4 29. Nxb5 Rd5 30. Nc7 Rd4 31. Nb5 Rd5 32. Nc7 Rd4 33. Qb6 Rxa2 34. h3
Rad2 35. Rxd2 Rxd2 36. Qe3 Qd6 37. Rc1 Qd4 38. Qf3 b3 39. g4 b2 40. Re1 Qf4 41.
Qxf4 exf4 42. Kg2 Rc2 43. Rb1 Bc6+ 44. Kf1 e5 0-1

[Event "Titled Tue 27th May Early"]
[Site "chess.com INT"]
[Date "2025.05.27"]
[Round "8"]
[White "Aarav Sinha"]
[Black "Mica, Marek"]
[Result "1-0"]
[WhiteTitle "FM"]
[BlackTitle "FM"]
[WhiteElo "2255"]
[BlackElo "2372"]
[WhiteFideId "25674064"]
[BlackFideId "382884"]
[EventDate "2025.05.27"]

1. e4 e6 2. d4 d5 3. Nd2 Be7 4. Ngf3 Nf6 5. Bd3 c5 6. e5 Nfd7 7. c3 Nc6 8. O-O
a5 9. a4 Qb6 10. Re1 cxd4 11. cxd4 g5 12. Nb3 g4 13. Nfd2 Nxd4 14. Nxd4 Qxd4 15.
Nb3 Qb6 16. Be3 Qd8 17. Qxg4 Nxe5 18. Bb5+ Bd7 19. Qg3 Bxb5 20. axb5 Ng6 21. b6
O-O 22. Qg4 Bb4 23. Rec1 e5 24. Bg5 Qd6 25. h4 f5 26. Qe2 Rfe8 27. h5 Nf8 28.
Qf3 h6 29. Be3 Re7 30. Qxf5 Rf7 31. Qd3 e4 32. Qe2 Rg7 33. Rc7 Rxc7 34. bxc7
Qxc7 35. Bxh6 Qh7 36. Qg4+ Kh8 37. Bg5 Nd7 38. Rd1 Qf7 39. Qg3 Rg8 40. Qh4 1-0

[Event "Titled Tue 27th May Early"]
[Site "chess.com INT"]
[Date "2025.05.27"]
[Round "8"]
[White "Nayem, Haque"]
[Black "El Zein, Zayne-Eddine"]
[Result "0-1"]
[WhiteTitle "FM"]
[BlackTitle "CM"]
[WhiteElo "2180"]
[BlackElo "2146"]
[WhiteFideId "10217754"]
[BlackFideId "5313210"]
[EventDate "2025.05.27"]

1. e4 d6 2. Nf3 Nf6 3. d3 e5 4. c3 Be7 5. g3 c6 6. Bg2 O-O 7. O-O Bg4 8. Qc2
Nbd7 9. Nbd2 Rc8 10. a4 a5 11. Nc4 Bxf3 12. Bxf3 d5 13. Ne3 Nc5 14. Nf5 Re8 15.
Rd1 Bf8 16. Be3 Ne6 17. Bg2 Ng4 18. Qe2 Nxe3 19. fxe3 g6 20. Nh4 Bh6 21. exd5
cxd5 22. e4 d4 23. c4 Nc5 24. Kh1 Rc6 25. Rf1 Rb6 26. Rf3 Bg5 27. Raf1 Rf8 28.
Bh3 Nxa4 29. b3 Nc5 30. Nf5 Nxb3 31. Bg4 Nd2 32. h4 Nxf3 33. Qxf3 gxf5 34. Bxf5
Bh6 35. Kg2 Kh8 36. Kh3 a4 37. g4 Bf4 38. g5 a3 39. Qh5 h6 40. Rb1 Bxg5 41. c5
Rxb1 42. hxg5 Rh1+ 43. Kg4 Rxh5 0-1

[Event "Titled Tue 27th May Early"]
[Site "chess.com INT"]
[Date "2025.05.27"]
[Round "8"]
[White "Gavarrete, Nahun"]
[Black "Bonaveri, Agustin"]
[Result "0-1"]
[WhiteTitle "FM"]
[BlackTitle "FM"]
[WhiteElo "2281"]
[BlackElo "2367"]
[WhiteFideId "8400709"]
[BlackFideId "104027"]
[EventDate "2025.05.27"]

1. e4 c5 2. g3 d5 3. Bg2 dxe4 4. Bxe4 Nf6 5. Bg2 Nc6 6. Ne2 e5 7. d3 Be7 8. O-O
Be6 9. Be3 Nd5 10. Nbc3 Nxe3 11. fxe3 Qd7 12. e4 Nd4 13. Qd2 O-O 14. Nxd4 cxd4
15. Ne2 Rac8 16. b3 Rc6 17. Rfc1 Rfc8 18. a3 Bd6 19. Ra2 Qe7 20. Rca1 Qc7 21.
Rc1 Bxb3 22. cxb3 Rxc1+ 23. Nxc1 Qxc1+ 24. Qxc1 Rxc1+ 25. Kf2 Rc3 26. b4 Rxd3
27. Bf1 Rc3 28. b5 Bxa3 29. Be2 Kf8 30. Ke1 Ke7 31. Kd2 Kd6 32. Bd3 Kc5 33. Ra1
f6 34. h4 Kb4 35. g4 Rb3 36. g5 Rb2+ 37. Kd1 Rh2 38. gxf6 gxf6 39. Rb1+ Kc3 40.
Bf1 Bb2 41. b6 axb6 42. Ke1 Rc2 43. Rd1 Rc1 44. Bd3 Rxd1+ 45. Kxd1 Kxd3 46. h5
Kxe4 47. h6 Ba3 48. Ke1 Bf8 49. Kd1 Bxh6 50. Ke1 Bf8 51. Kd1 b5 52. Ke1 b4 53.
Kd1 b3 54. Ke1 h5 55. Kd1 h4 56. Ke1 h3 57. Kd1 h2 58. Ke1 h1=Q+ 59. Kd2 Qg2+
60. Ke1 Bb4+ 61. Kd1 Qd2# 0-1

[Event "Titled Tue 27th May Early"]
[Site "chess.com INT"]
[Date "2025.05.27"]
[Round "8"]
[White "Zhukovskyi, Oleksandr"]
[Black "Chen, Yidong"]
[Result "1-0"]
[WhiteTitle "CM"]
[WhiteElo "2153"]
[BlackElo "2038"]
[WhiteFideId "14169371"]
[BlackFideId "8607028"]
[EventDate "2025.05.27"]

1. b3 d5 2. Bb2 c5 3. e3 Nc6 4. Nf3 Bg4 5. Be2 e6 6. O-O Nf6 7. d4 Be7 8. dxc5
Bxc5 9. h3 Bh5 10. Ne5 Bxe2 11. Qxe2 O-O 12. c4 Bd6 13. Nf3 dxc4 14. Qxc4 Rc8
15. Qe2 Qe7 16. Nc3 Ba3 17. Nb5 Bxb2 18. Qxb2 h6 19. Rac1 Nd5 20. Rfd1 Rfd8 21.
Nfd4 Nxd4 22. Nxd4 a6 23. a4 Qb4 24. Ne2 Nb6 25. Rxc8 Rxc8 26. Nf4 Nxa4 27. Qe5
Qxb3 28. Rd7 b5 29. Nh5 Qb2 30. Qf4 Rf8 31. e4 Nc3 32. Kh2 Ne2 33. Qc7 g6 34.
Ng3 Nxg3 35. Qxg3 Qb4 36. Qe3 Kg7 37. f4 Rc8 38. f5 Rc3 39. Qf2 Rb3 40. f6+ Kh7
41. Qf4 Qf8 42. Re7 a5 43. Qc7 Kg8 44. Qd7 1-0

[Event "Titled Tue 27th May Early"]
[Site "chess.com INT"]
[Date "2025.05.27"]
[Round "8"]
[White "Unver, Cumayi"]
[Black "Mihajlovskij, Sergei"]
[Result "1-0"]
[WhiteElo "2012"]
[BlackElo "2292"]
[WhiteFideId "6304940"]
[BlackFideId "13500805"]
[EventDate "2025.05.27"]

1. d4 Nf6 2. Nc3 d5 3. Bf4 e6 4. e3 Bd6 5. Bg3 b6 6. Nf3 O-O 7. Bd3 Ba6 8. O-O
c5 9. Bxa6 Nxa6 10. a3 Bxg3 11. hxg3 Rc8 12. Na2 Re8 13. c3 Nd7 14. Nc1 e5 15.
dxe5 Nxe5 16. Nxe5 Rxe5 17. Nd3 Re7 18. Nf4 Nc7 19. Qd3 Rd7 20. Rad1 Qg5 21. Rd2
Rcd8 22. Rfd1 g6 23. Qe2 Qe5 24. Qf3 Rd6 25. Nd3 Qe4 26. Nf4 Qxf3 27. gxf3 g5
28. Nd3 Kg7 29. f4 f6 30. fxg5 fxg5 31. Kg2 d4 32. cxd4 cxd4 33. e4 Ne6 34. f4
gxf4 35. gxf4 Nc5 36. Kf3 Rh6 37. Nf2 d3 38. b4 Ne6 39. Rxd3 Rxd3+ 40. Rxd3 a5
41. Rd7+ Kf8 42. f5 Ng5+ 43. Kf4 Nf7 44. bxa5 bxa5 45. Ra7 Rh4+ 46. Ke3 Nd6 47.
Ra6 Ke7 48. f6+ Kd7 49. Kd4 Ke6 50. Kc5 1-0

[Event "Titled Tue 27th May Early"]
[Site "chess.com INT"]
[Date "2025.05.27"]
[Round "8"]
[White "Dyulgerov, Volen"]
[Black "Mendonca, Leon Luke"]
[Result "0-1"]
[WhiteTitle "CM"]
[BlackTitle "GM"]
[WhiteElo "2200"]
[BlackElo "2630"]
[WhiteFideId "2918978"]
[BlackFideId "35028561"]
[EventDate "2025.05.27"]

1. e4 e6 2. d4 d5 3. Nd2 c5 4. c3 Nc6 5. Ngf3 cxd4 6. cxd4 dxe4 7. Nxe4 Be7 8.
Bd3 Nf6 9. O-O O-O 10. Be3 Nb4 11. Bb1 b6 12. Ne5 Bb7 13. Ng5 h6 14. h4 Qd5 15.
f3 Nc6 16. Nd3 Rad8 17. Nf4 Qd6 18. Ne4 Nxe4 19. fxe4 Nxd4 20. Qh5 e5 21. Nd5
Qe6 22. Bd3 Rd6 23. Rf2 Bxd5 24. exd5 Rxd5 25. Raf1 Nf3+ 26. Rxf3 Rxd3 27. g4 e4
28. Rg3 f6 29. Qg6 Qf7 30. Qxe4 Rxe3 31. Rxe3 Bc5 32. Rf3 Re8 33. Qf4 Rxe3 34.
Rxe3 Qe8 35. Kf2 Qxe3+ 36. Qxe3 Bxe3+ 37. Kxe3 Kf7 38. h5 g6 39. Ke4 gxh5 40.
gxh5 Ke6 41. a4 f5+ 42. Kf4 a5 43. b3 Kf6 44. Ke3 Kg5 45. Kd4 f4 46. Ke4 Kg4 0-1

[Event "Titled Tue 27th May Early"]
[Site "chess.com INT"]
[Date "2025.05.27"]
[Round "8"]
[White "Devagharan, Devina"]
[Black "Papaioannou, Dimitrios"]
[Result "0-1"]
[WhiteTitle "WFM"]
[BlackTitle "CM"]
[WhiteElo "1860"]
[BlackElo "2200"]
[WhiteFideId "2061600"]
[BlackFideId "25865137"]
[EventDate "2025.05.27"]

1. d4 Nf6 2. c4 e6 3. Nc3 Bb4 4. Nf3 b6 5. e3 Bb7 6. Be2 Bxc3+ 7. bxc3 d6 8. O-O
Nbd7 9. Qc2 Be4 10. Bd3 Bxd3 11. Qxd3 e5 12. e4 O-O 13. Bg5 h6 14. Bxf6 Qxf6 15.
Rab1 Rfe8 16. Nd2 Nf8 17. g3 Ne6 18. d5 Nc5 19. Qe3 Qg6 20. Rfe1 f5 21. exf5
Qxf5 22. Nb3 Nd7 23. Qe4 Qh5 24. Kg2 Rf8 25. f4 exf4 26. Qe6+ Rf7 27. g4 Qh4 28.
Nd4 Nc5 29. Nf3 Nxe6 30. Nxh4 Ng5 31. Nf5 f3+ 32. Kg3 f2 33. Re3 Raf8 34. h4 Nh7
35. Rf1 Kh8 36. h5 Nf6 37. Rxf2 Nxh5+ 38. Kh4 Nf6 39. Kg3 Kh7 40. Kh4 Ng8 41.
Rfe2 g6 42. Ng3 Nf6 43. Kh3 Kg7 44. Re6 Nh7 45. Kg2 Ng5 46. R6e3 Rf4 47. Ne4
Rxg4+ 48. Kh2 Rxe4 49. Rxe4 Nxe4 50. Rxe4 Kf6 51. Re6+ Kf7 52. Kg3 Re8 53. Rxe8
Kxe8 0-1

[Event "Titled Tue 27th May Early"]
[Site "chess.com INT"]
[Date "2025.05.27"]
[Round "8"]
[White "Onyshchuk, Volodymyr"]
[Black "Giri, Anish"]
[Result "0-1"]
[WhiteTitle "GM"]
[BlackTitle "GM"]
[WhiteElo "2602"]
[BlackElo "2738"]
[WhiteFideId "14114038"]
[BlackFideId "24116068"]
[EventDate "2025.05.27"]

1. e4 e5 2. Nf3 Nc6 3. Bc4 Nf6 4. d3 Be7 5. O-O O-O 6. Re1 d6 7. c3 Na5 8. Bb5
a6 9. Ba4 c5 10. Nbd2 Nc6 11. Nf1 h6 12. Ng3 Bd7 13. h3 Re8 14. Be3 Bf8 15. Qd2
d5 16. exd5 Nxd5 17. Bb3 Be6 18. Rad1 b5 19. Ne4 Nxe3 20. Qxe3 Bxb3 21. axb3 Qe7
22. Ng3 Qe6 23. Qe4 Rac8 24. Ra1 a5 25. c4 b4 26. Qg4 Rcd8 27. Re3 g6 28. Nh4
Rd4 29. Qxe6 Rxe6 30. Nf3 Rd8 31. Rae1 f5 32. Ne2 g5 33. Nc1 Bg7 34. g4 f4 35.
Re4 Red6 36. Kg2 Kf7 37. R4e2 Kg6 38. h4 Bf6 39. h5+ Kf7 40. Re4 Rxd3 41. Nxd3
Rxd3 42. R1e2 Rxb3 43. Rd2 Ke6 44. Rd5 Rxb2 45. Rxc5 Kd6 46. Rd5+ Kc7 47. Re1 a4
48. c5 a3 49. Red1 a2 50. Rd7+ Kb8 51. R7d6 Rb1 0-1